000 00857nam1a22002291i 4500
001 rc\2892047
005 20260408072954.0
035 _a(NLR Aleph) 007044321
090 _a6128037
_c6128037
100 _a20110725d1931 |||y0rusy50 ca
101 0 _arus
102 _aRU
105 _ay z |||||
200 1 _aНаставление по стрелковому делу Р.К.К.А.
_eЧ. 1-
_fСССР. Нар. ком. по воен. и мор. делам
210 _aМосква
_cГос. воен. изд.
_d1931
_eЛенинград
_gЦентр. тип. Наркомвоенмора
215 _d16×10 см
500 0 0 _6z01710
_aВоенные уставы, наставления и т. п.
710 0 1 _aСССР
_3RU\NLR\AUTH\8810063225
_9628051
801 0 _aRU
_bNLR
_gpsbo
801 1 _aRU
_bELAR
_2rusmarc
852 _aNLR
_j31-15/58(1)
942 _cBOOK